| 000 | 00401nam a2200121Ia 4500 | ||
|---|---|---|---|
| 008 | 230907s9999||||xx |||||||||||||| ||und|| | ||
| 082 |
_a333.79323 _bSHA |
||
| 100 |
_aShahidehpour, M., _9115109 |
||
| 245 | 0 | _aMarket operations in electric power systems : | |
| 260 |
_aInstitute of Electrical and Electronics Engineers, Wiley-Interscience, _b[New York] : _c2002 |
||
| 300 | _axiv, 531 p. : | ||
| 942 | _cBK | ||
| 999 |
_c597596 _d597596 |
||